000 00600nam a22001577a 4500
003 OSt
005 20151117152417.0
008 151117b xxu||||| |||| 00| 0 eng d
040 _cRUA
082 _aFIS លូង​ 1991 B145 Or.1
100 _93810
_aលូង សុផល្លា
245 _aបែបផែនបង្កកប្រភេទបណ្តាត្រីទឹកសាប និងការប្រើប្រាស់សំទូបន្្តកនៅរោងចក្របង្លជលផល
260 _aPhnom Penh
_bRUA
_c1991
300 _a68p.
942 _2ddc
_cFIS
999 _c3543
_d3543